Normal view MARC view
  • Manhattan (New York, N.Y.)

Entry Geographic Name

Number of records used in: 7

001 - CONTROL NUMBER

  • control field: 7472

003 - CONTROL NUMBER IDENTIFIER

  • control field: NUST

005 - DATE AND TIME OF LATEST TRANSACTION

  • control field: 20171219144921.0

008 - FIXED-LENGTH DATA ELEMENTS

  • fixed length control field: 171219|| aca||aabn | a|a d

040 ## - CATALOGING SOURCE

  • Original cataloging agency: NUST
  • Transcribing agency: NUST

151 ## - HEADING--GEOGRAPHIC NAME

  • Geographic name: Manhattan (New York, N.Y.)
  • Form subdivision: Fiction.

670 ## - SOURCE DATA FOUND

  • Source citation: Work cat.: (NUST)0: Rubenfeld, Jed, 1959- 7470, The interpretation of murder :, 2006.
© 2023 Central Library, National University of Sciences and Technology. All Rights Reserved.